| 000 | 00455nam a2200157 i 4500 | ||
|---|---|---|---|
| 001 | 95537 | ||
| 003 | ES-MaACL | ||
| 005 | 20230906181727.0 | ||
| 007 | t| | ||
| 008 | 050531s1959 sp ||||1| cat d | ||
| 100 | 1 |
_aLloberas, Pere. _972801 |
|
| 245 | 1 | 3 |
_aLa Bisbal en la historia i el record / _cPere Lloberas. |
| 260 |
_aBarcelona : _b[s.n.], _c1959 ( _fEmporium) |
||
| 300 |
_a324 p., 7 lám. : _bil. ; _c25 cm. |
||
| 852 |
_aES-MaACL _jC-18366 _bR.45256 |
||
| 999 |
_c95537 _d95537 |
||